Movie Title Drops - Statistics

General Stats
  • This quiz has been taken 28 times
  • The average score is 8 of 26
Answer Stats
Hint Answer % Correct
The first rule of _________ is you do not talk about _________ Fight Club
95%
He's a silent guardian, a watchful protector, a __________ Dark Knight
68%
Forget it Jake. it's _________ Chinatown
58%
We're sending you _______________! Back to the Future
53%
___________ is people! Soylent Green
53%
762 millimeter. _______________ Full Metal Jacket
42%
Welcome to ____________ Jurassic Park
42%
Sincerely yours ________________ The Breakfast Club
42%
I am _______ Iron Man
37%
They drew __________, not me First Blood
32%
That’s right woodchuck-chuckers, it’s ____________! Groundhog Day
32%
It must have scared __________________ out of her The Living Daylights
32%
Yes, this is my second life. ________________ Mr. Bond You Only Live Twice
32%
I would like to take his ________ Face/Off
26%
We some kind of ___________? Suicide Squad
21%
What we have now is _________________ Brokeback Mountain
16%
It must be some kind of _________________ Hot Tub Time Machine
16%
What ____________ A View to a Kill
11%
It's better than safe it's __________ Death Proof
11%
Nothing much except his name _____ Dr. No
11%
________________ Dude, Where's My Car?
11%
they're people like us they're __________ Goodfellas
11%
That's my little _________ Octopussy
11%
Ladies and gentlemen, I give you _________, Robocop II
11%
I guess _____________. I personally prefer classical music Some Like it Hot
11%
He could have ___________ within the hour Total Recall
11%
No matching quizzes found
Score Distribution
Percent of People with Each Score
Percentile by Number Answered
Your Score History
You have not taken this quiz